| 000 | 00444nam a2200133Ia 4500 | ||
|---|---|---|---|
| 008 | 191111s9999 xx 000 0 und d | ||
| 020 | _a9781522521518 | ||
| 100 | _aLuca, Romano. | ||
| 245 |
_cRomano Luca.-- _aProject portfolio management strategies for effective organizational operations / |
||
| 260 |
_aUSA : _bIGI Global _c2017 |
||
| 300 | _axxiii, 388 pages. | ||
| 650 | _aBusiness | ||
| 650 | _aBusiness and economics -- project management | ||
| 999 |
_c362585 _d362585 |
||